1192 1310 1171 1358 1788 1869 1476 1020 1931 1220 1847 1518 1117 1138 1591 1658 1282 1399 1184 1882 1332 1174 1022 1280 1946 1871 1923 1587 1630 1096 1483 1004 1724 1219 1160 1881 1852 1300 1250 1829 1082 1987 1087 1044 1298 1938 1896 1547 1345 1527 1867 1999 1463 1594 1881 1909 1120 1968 1470 1925 1153 1550 1805 1669 1863 1656 1604 1448 1955 1781 1464 1799 1586 1792 1778 1824 1579 1981 1470 1533 1845 1061 1845 1516 1552 1635 1987 1601 1199 1627 1109 1909 1825 1070 1537 1627 1793 1831 1199 BCNSPRNW ULIB Ver.6.0+V

เปลี่ยนเป็นภาษาไทย

Change to English
 แสดงรายละเอียดบรรณานุกรม
  กลับหน้าหลัก

Brief Record : Get Marc (ISO 2709) : E-mail record : QR code < ปิดหน้าต่าง
LEADER : 00000nam 2200000uu 4500
001    13399110695
003     ULIB
008    110315s2552||||th 000 0 tha d
020    9786117020018
060  4 WS103^bม318พ 2552
100 0  มัจฉรานี พุ่มสุวรรณ
245 00 พัฒนาการของทารกและเด็ก=^bGrowth and development/^cมัจฉรานี พุ่มสุวรรณ แปลและเรียบเรียง
246 0  Growth and development
250    พิมพ์ครั้งที่ 5
260    กรุงเทพฯ:^bข้าวฝ้าง,^c2552
300    153 หน้า:^bภาพประกอบ
650  7 พัฒนาการของเด็ก
700 0  ประพุทธ ศิริปุณย์,^eบรรณาธิการ
945    ^p135^l0^i026964
945    ^p135^l0^i026853
945    ^p135^l0^i026852
995    ทศพร
999 ^a ใช้งานได้ทุกระบบ
รายการนี้ยังไม่มีแท็ก
คุณยังไม่ได้ล็อกอิน คุณสามารถมีกิจกรรมร่วมกับเว็บไซต์ได้ แต่ต้องล็อกอินก่อน ::
  ล็อกอิน

รายการสื่อสารสนเทศ

ลำดับที่ ประเภท เลขเรียก/บาร์โค้ด สถานที่ สถานะ
- ไม่พบข้อมูล -

รายการใกล้เคียง
    ผู้แต่ง [มัจฉรานี พุ่มสุวรรณ]

    หัวเรื่อง [พัฒนาการของเด็ก]

BibComment


ยังไม่เคยถูกคอมเมนท์

คอมเมนท์ทรัพยากรรายการนี้
  คอมเมนท์: พัฒนาการของทารกแล..


 Copyright 2026. Bcnsprnw @Library